| 000 | 00454nam a2200133Ia 4500 | ||
|---|---|---|---|
| 008 | 171212s9999 xx 000 0 und d | ||
| 020 | _a9780874214123 | ||
| 100 | _aDel Giudice, Luisa | ||
| 245 |
_cDel Giudice, Luisa _aImagined States |
||
| 260 |
_bUniversity Press of Colorado _c2001 |
||
| 650 | _aOral tradition; Utopias; Imaginary places; Ethnicity; Nationalism; Nostalgia | ||
| 650 | _aSociology | ||
| 856 | _uwww.jstor.org/stable/10.2307/j.ctt46nxsn | ||
| 999 |
_c353089 _d353089 |
||